00644nam a22001937a 450000500170000001000130001702000250003003500130005503700170006808200060008510000170009124500440010826000290015227000430018130000210022494200200024599900170026595201680028220140312155400.0 aB-505442 a9789350331200c95.00 aB-505442 adplbKKP/Ven aS aWilde, Oscar aSelected Short Stories/cby Oscar Wilde aNoidabMaple Pressc2011 aH-205, Sector-63bNoidae201307 (U.P.) a261p.c20cm(Pbk) 2ddccENhSmWIL c82975d82975 001040708FICaBL4bBL4d2014-03-12eKKP/BL2984/11.03.2013/172/11.03.2013/20.03.2013g95.00l8m2oS WILpB-505442r2023-07-03 00:00:00s2023-06-15t1v95.00yEN